| 000 | 00447nam a22001577a 4500 | ||
|---|---|---|---|
| 005 | 20230313065919.0 | ||
| 008 | 230313b |||||||| |||| 00| 0 eng d | ||
| 020 | _a0-87286-256-9 | ||
| 082 | _a808.83 P985 1987 | ||
| 100 |
_aPurdy, James _eauthor |
||
| 245 |
_aThe candles of your eyes: _band thirteen other stories / _cJames Purdy |
||
| 260 |
_aSan Francisco: _bCity Lights, _cc1987 |
||
| 300 | _a143p. | ||
| 541 | _e5178 | ||
| 650 | _aShort stories | ||
| 999 |
_c1764 _d1764 |
||